000 00585nam a22002057a 4500
005 20151014091121.0
008 140607b xxu||||| |||| 00| 0 eng d
020 _a0078687195
024 0 _ceng
080 _a336
100 _aKapoor R. Jack
245 _aPersonal Finance/
_cJack R. Kapoor ; Les R. Dlabay ; Robert J. Hughes.
250 _a1 st.ed.;
260 _aUnited States,
_bGlencoe/McGraw-Hill,
_c2005,
300 _a578 f.:
_bme il.;
_c26 cm,
500 _aIndex f.561-577
650 _aFinanca Personale,
700 _aLes R. Dlabay ; Robert J. Hughes.
942 _2udc
_cBK
999 _c487
_d487